|
|
|
|
| LEADER |
00000ckm a2200000 a 4500 |
| 001 |
vtls001390191 |
| 003 |
SK-MaSNL |
| 005 |
20260512151900.0 |
| 008 |
180126q1950 xo g 0kuslo |
| 020 |
|
|
|c 40,00 Sk
|
| 035 |
|
|
|a SNK000344459
|
| 040 |
|
|
|a SNK
|b slo
|c SNK
|e AACR2
|
| 041 |
0 |
|
|a slo
|
| 044 |
|
|
|a xo
|c SK
|
| 080 |
|
|
|a 779
|2 1981
|
| 110 |
0 |
|
|a Sliač (Slovensko)
|b Kúpele
|4 aut
|9 283875
|
| 245 |
1 |
|
|a Štátne kúpele Sliač
|h grafika
|
| 260 |
|
|
|a Bratislava
|b Tatran
|c [1950?]
|
| 300 |
|
|
|a 1 pohľadnica
|c 9x14 cm
|
| 610 |
|
7 |
|a Kúpele Sliač (Slovensko)
|2 SNKKA
|9 174835
|
| 651 |
|
7 |
|a Sliač (Slovensko)
|2 SNKPHgeo
|9 17143
|
| 655 |
|
7 |
|a miestne pohľadnice
|2 SNKPH
|9 70510
|
| 999 |
|
|
|c 810057
|d 811987
|
| 952 |
|
|
|t P60, <03>, [BOOK], {603}
|a SNK
|b SNK
|y PREZ
|7 0
|o snkSP 148939
|i snkPV 168/2000
|0 0
|1 0
|4 0
|d 2000-06-06
|l 0
|r 2005-01-02 00:00:00
|w 2026-02-24
|